1707 1154 1739 1474 1934 1739 1017 1208 1379 1283 1904 1903 1846 1347 1843 1731 1632 1105 1976 1873 1416 1272 1188 1635 1712 1301 1302 1454 1089 1113 1563 1482 1729 1565 1166 1614 1049 1016 1367 1806 1570 1695 1311 1020 1951 1332 1978 1709 1401 1410 1712 1149 1912 1999 1818 1356 1911 1259 1200 1622 1413 1665 1767 1096 1647 1735 1532 1120 1050 1721 1923 1255 1128 1055 1794 1479 1630 1597 1517 1565 1201 1523 1184 1176 1763 1102 1975 1519 1871 1432 1251 1871 1055 1279 1161 1736 1143 1095 1903 BCNSPRNW ULIB Ver.6.0+V

เปลี่ยนเป็นภาษาไทย

Change to English
 แสดงรายละเอียดบรรณานุกรม
  กลับหน้าหลัก

Brief Record : Get Marc (ISO 2709) : E-mail record : QR code < ปิดหน้าต่าง
LEADER : 00000nam 2200000uu 4500
001    13399109833
003     ULIB
008    110303s||||||||th 000 0 tha d
020    9747762811
060 04 WC503.7^bก169ค ล.3 2539
110 1  กระทรวงสาธารณสุข^bกรมสุขภาพจิต
245 00 คู่มือการฝึกอบรมการให้คำปรึกษาเรื่องโรคเอดส์ เล่มที่3 /^cกรมสุขภาพจิต
260    [นนทบุรี] :^bกรมสุขภาพจิต,^c2539
300    19 หน้า
650  7 การให้คำปรึกษา
650  7 โรคเอดส์
945    ^p0^l0^i029162
995    ทศพร
999 ^a ใช้งานได้ทุกระบบ
รายการนี้ยังไม่มีแท็ก
คุณยังไม่ได้ล็อกอิน คุณสามารถมีกิจกรรมร่วมกับเว็บไซต์ได้ แต่ต้องล็อกอินก่อน ::
  ล็อกอิน

รายการสื่อสารสนเทศ

ลำดับที่ ประเภท เลขเรียก/บาร์โค้ด สถานที่ สถานะ
- ไม่พบข้อมูล -

รายการใกล้เคียง
    หัวเรื่อง [การให้คำปรึกษา]
    หัวเรื่อง [โรคเอดส์]

BibComment


ยังไม่เคยถูกคอมเมนท์

คอมเมนท์ทรัพยากรรายการนี้
  คอมเมนท์: คู่มือการฝึกอบรมก..


 Copyright 2026. Bcnsprnw @Library